[Event "Bad Wiessee Senioren Cup 8th"]
[Site "Bad Wiessee"]
[Date "2019.05.14"]
[Round "4"]
[White "Koch, Dieter"]
[Black "Voegerl, Ronald"]
[Result "0-1"]
[WhiteElo "1697"]
[BlackElo "1943"]
[PlyCount "64"]
[EventDate "2019.05.11"]
[EventType "swiss"]
[EventRounds "9"]
[EventCountry "GER"]
[SourceTitle "EXT 2020"]
[Source "ChessBase"]
[SourceDate "2019.10.17"]
[SourceVersion "1"]
[SourceVersionDate "2019.10.17"]
[SourceQuality "1"]

1. d4 d6 2. e4 Nd7 3. Be2 e5 4. d5 Nc5 5. Bf3 f5 6. Nc3 Nf6 7. Bg5 Be7 8. Bxf6 Bxf6 9. Qe2 a6 10. h4 Qe7 11. b4 Nxe4 12. Bxe4 fxe4 13. Nxe4 Bf5 14. Ng3 Bd7 15. Ne4 0-0-0 16. Nf3 Bg4 17. c4 Kb8 18. Rc1 Qd7 19. b5 a5 20. c5 dxc5 21. Nxc5 Qxd5 22. 0-0 e4 23. Rfd1 exf3 24. Qc2 Qe5 25. Re1 Qd6 26. Red1 Qb6 27. Na4 Rxd1+ 28. Rxd1 Qxb5 29. Rb1 Bf5 30. Rxb5 Bxc2 31. Nc5 b6 32. gxf3 Ka7 0-1

[Event "Bad Woerishofen Seniors op 32nd"]
[Site "Bad Woerishofen"]
[Date "2016.03.03"]
[Round "7"]
[White "Koch, Dieter"]
[Black "Wraga, Hermann"]
[Result "1-0"]
[WhiteElo "1747"]
[BlackElo "1667"]
[PlyCount "73"]
[EventDate "2016.02.26"]
[EventType "swiss"]
[EventRounds "9"]
[EventCountry "GER"]
[SourceTitle "EXT 2019"]
[Source "ChessBase"]
[SourceDate "2018.10.10"]
[SourceVersion "1"]
[SourceVersionDate "2018.10.10"]
[SourceQuality "1"]

1. d4 f5 2. Bg5 g6 3. e3 Bg7 4. Be2 Nf6 5. h4 h6 6. Bxf6 Bxf6 7. c3 d6 8. Qd3 e6 9. Nd2 Na6 10. Nh3 Bg7 11. Nf4 Qf6 12. h5 g5 13. Ng6 Rg8 14. e4 e5 15. Qb5+ c6 16. Qb3 Qf7 17. Bc4 d5 18. exd5 b5 19. Bxb5 cxb5 20. 0-0 Rb8 21. Rfe1 e4 22. Nxe4 fxe4 23. Rxe4+ Kd8 24. Re7 Qxe7 25. Nxe7 Kxe7 26. d6+ Kf8 27. Qd5 Bd7 28. Qf3+ Ke8 29. Re1+ Kd8 30. Qf7 Re8 31. Rxe8+ Bxe8 32. Qe7+ Kc8 33. Qxe8+ Kb7 34. Qd7+ Kb6 35. Qxg7 Kc6 36. Qxh6 Rd8 37. d7+ 1-0

[Event "Bad Woerishofen Seniors op 32nd"]
[Site "Bad Woerishofen"]
[Date "2016.03.01"]
[Round "5"]
[White "Bachmann, Rolf"]
[Black "Koch, Dieter"]
[Result "1/2-1/2"]
[WhiteElo "1993"]
[BlackElo "1747"]
[PlyCount "44"]
[EventDate "2016.02.26"]
[EventType "swiss"]
[EventRounds "9"]
[EventCountry "GER"]
[SourceTitle "EXT 2019"]
[Source "ChessBase"]
[SourceDate "2018.10.10"]
[SourceVersion "1"]
[SourceVersionDate "2018.10.10"]
[SourceQuality "1"]

1. c4 d6 2. Nc3 e5 3. g3 f5 4. Bg2 c6 5. d3 Nf6 6. e3 Be7 7. Nge2 a5 8. 0-0 0-0 9. Rb1 Na6 10. a3 Nc7 11. Qc2 Be6 12. b3 Qe8 13. d4 Qh5 14. h3 g5 15. f3 Kh8 16. Bd2 Nd7 17. g4 Qf7 18. Ng3 exd4 19. exd4 f4 20. Nh1 d5 21. c5 Qg7 22. Ne2 Bf7 1/2-1/2

[Event "Bad Woerishofen Seniors op 32nd"]
[Site "Bad Woerishofen"]
[Date "2016.02.29"]
[Round "4"]
[White "Koch, Dieter"]
[Black "Haakert, Karl"]
[Result "1/2-1/2"]
[WhiteElo "1747"]
[BlackElo "1855"]
[PlyCount "57"]
[EventDate "2016.02.26"]
[EventType "swiss"]
[EventRounds "9"]
[EventCountry "GER"]
[SourceTitle "EXT 2019"]
[Source "ChessBase"]
[SourceDate "2018.10.10"]
[SourceVersion "1"]
[SourceVersionDate "2018.10.10"]
[SourceQuality "1"]

1. d4 Nf6 2. e3 d5 3. Bd3 e6 4. Nd2 c5 5. c3 Nc6 6. f4 Bd6 7. Qf3 b6 8. Nh3 Bb7 9. a4 Qc7 10. 0-0 Ne7 11. Bb5+ Bc6 12. Qe2 cxd4 13. exd4 0-0 14. Nf3 Qb7 15. Bd3 Ne4 16. Nfg5 g6 17. Qg4 h5 18. Qe2 Nf5 19. g4 hxg4 20. Qxg4 Ng7 21. Nf2 Rfe8 22. Qh4 Nh5 23. Ng4 Be7 24. Be3 Kg7 25. Ne5 Rf8 26. Bxe4 dxe4 27. Qg4 Bd7 28. Nxd7 Qxd7 29. a5 1/2-1/2

[Event "Merano Gold Cup 41st"]
[Site "Merano"]
[Date "2013.04.??"]
[Round "5"]
[White "Kearsley, Raymond J"]
[Black "Koch, Dieter"]
[Result "0-1"]
[WhiteElo "1764"]
[BlackElo "1817"]
[PlyCount "52"]
[EventDate "2013.04.19"]
[EventType "swiss"]
[EventRounds "9"]
[EventCountry "ITA"]
[SourceTitle "EXT 2015"]
[Source "ChessBase"]
[SourceDate "2014.11.20"]
[SourceVersion "1"]
[SourceVersionDate "2014.11.20"]
[SourceQuality "1"]

1. e4 e5 2. Nf3 Qe7 3. Nc3 c6 4. Bc4 d6 5. h3 Nd7 6. 0-0 h6 7. d4 g5 8. dxe5 dxe5 9. Be3 Ngf6 10. Bxg5 hxg5 11. Nxg5 Nd5 12. exd5 Qxg5 13. f4 Bc5+ 14. Kh2 exf4 15. Ne4 Qh4 16. dxc6 bxc6 17. b4 Be7 18. Qd2 Ne5 19. Nd6+ Bxd6 20. Qxd6 f6 21. Rae1 Bxh3 22. Kg1 Bd7 23. Qd4 Qh2+ 24. Kf2 Qg3+ 25. Ke2 Bg4+ 26. Kd2 Rd8 0-1

[Event "Merano Gold Cup 39th"]
[Site "Merano"]
[Date "2011.05.02"]
[Round "4"]
[White "Thonig, Manfred"]
[Black "Koch, Dieter"]
[Result "0-1"]
[WhiteElo "1664"]
[BlackElo "1839"]
[PlyCount "62"]
[EventDate "2011.04.30"]
[EventType "swiss"]
[EventRounds "9"]
[EventCountry "ITA"]
[SourceTitle "EXT 2015"]
[Source "ChessBase"]
[SourceDate "2014.11.20"]
[SourceVersion "1"]
[SourceVersionDate "2014.11.20"]
[SourceQuality "1"]

1. e4 e5 2. Bc4 Qe7 3. Nc3 c6 4. Nf3 d6 5. 0-0 h6 6. d4 Nd7 7. Be3 g5 8. dxe5 dxe5 9. h3 Ngf6 10. Bxg5 hxg5 11. Nxg5 Rh7 12. Nxh7 Nxh7 13. Qh5 Ndf6 14. Qe2 Bh6 15. Rad1 Bd7 16. f3 Nh5 17. Rxd7 Qxd7 18. Rd1 Qe7 19. Qf2 Nf4 20. h4 Nf8 21. a3 N8g6 22. Nb5 cxb5 23. Bxb5+ Kf8 24. Rd7 Qf6 25. Qc5+ Kg7 26. Bc4 Ne6 27. Bxe6 Qxe6 28. Qc7 Be3+ 29. Kf1 Nf4 30. c4 Bb6 31. Qxb7 Qxc4+ 0-1

[Event "Seefeld op 20th"]
[Site "Seefeld"]
[Date "2009.09.26"]
[Round "3"]
[White "Loew, Bernd"]
[Black "Koch, Dieter"]
[Result "0-1"]
[WhiteElo "1645"]
[BlackElo "1891"]
[PlyCount "56"]
[EventDate "2009.09.24"]
[EventType "swiss"]
[EventRounds "9"]
[EventCountry "AUT"]
[SourceTitle "EXT 2012"]
[Source "ChessBase"]
[SourceDate "2011.11.24"]
[SourceVersion "1"]
[SourceVersionDate "2011.11.24"]
[SourceQuality "1"]

1. e4 e5 2. Nf3 Qe7 3. Bc4 c6 4. Nc3 d6 5. 0-0 h6 6. d4 Nd7 7. Be3 g5 8. dxe5 dxe5 9. a4 Qf6 10. Na2 Ne7 11. Nb4 Ng6 12. Nd3 Be7 13. Rb1 Rg8 14. Kh1 Nf4 15. Ng1 Nxd3 16. Bxd3 Nf8 17. Qf3 Qg7 18. Qd1 Ng6 19. g3 h5 20. b4 g4 21. b5 h4 22. bxc6 bxc6 23. f4 hxg3 24. hxg3 Rh8+ 25. Kg2 Qh6 26. Kf2 exf4 27. Bxf4 Nxf4 28. gxf4 Qh2+ 0-1

[Event "Merano Cup Gold 37th"]
[Site "Merano"]
[Date "2009.04.21"]
[Round "5"]
[White "Aufmwasser, Guenter"]
[Black "Koch, Dieter"]
[Result "0-1"]
[WhiteElo "1815"]
[BlackElo "1891"]
[PlyCount "87"]
[EventDate "2009.04.17"]
[EventType "swiss"]
[EventRounds "9"]
[EventCountry "ITA"]
[SourceTitle "CBM 130 Extra"]
[Source "ChessBase"]
[SourceDate "2009.07.02"]
[SourceVersion "2"]
[SourceVersionDate "2009.07.15"]
[SourceQuality "1"]

1. f4 d5 2. Nf3 Nf6 3. e3 Bg4 4. h3 Bxf3 5. Qxf3 e6 6. b3 Ne4 7. g3 Qf6 8. d4 Bb4+ 9. Bd2 Nxd2 10. Nxd2 Nd7 11. Rd1 c5 12. Bb5 0-0-0 13. Bxd7+ Rxd7 14. Ke2 cxd4 15. exd4 Qxd4 16. Nc4 Qf6 17. Qd3 Rc7 18. Ne5 Rc3 19. Qb5 Qe7 20. Nd3 Rxc2+ 21. Kf3 Bd6 22. Rc1 Rxc1 23. Rxc1+ Kb8 24. a4 Rc8 25. Rxc8+ Kxc8 26. b4 a6 27. Qb6 Qc7 28. Qd4 Qc4 29. Ke3 f6 30. Nc5 Bxc5 31. bxc5 Qxd4+ 32. Kxd4 f5 33. g4 g6 34. gxf5 gxf5 35. h4 Kd7 36. h5 Kc6 37. h6 b6 38. cxb6 Kxb6 39. Ke5 Kc5 40. Kf6 d4 41. Kg7 d3 42. Kxh7 d2 43. Kh8 d1Q 44. Kg8 0-1

[Event "Merano Cup Gold 37th"]
[Site "Merano"]
[Date "2009.04.18"]
[Round "2"]
[White "Koch, Dieter"]
[Black "Hartlaub, Marianne"]
[Result "0-1"]
[WhiteElo "1891"]
[BlackElo "1690"]
[PlyCount "92"]
[EventDate "2009.04.17"]
[EventType "swiss"]
[EventRounds "9"]
[EventCountry "ITA"]
[SourceTitle "CBM 130 Extra"]
[Source "ChessBase"]
[SourceDate "2009.07.02"]
[SourceVersion "2"]
[SourceVersionDate "2009.07.15"]
[SourceQuality "1"]

1. d4 Nf6 2. e3 d6 3. f4 c6 4. Bd3 d5 5. Nd2 Bg4 6. Ngf3 e6 7. c3 a6 8. Qc2 Nbd7 9. 0-0 b5 10. Ne5 Rc8 11. Ndf3 Bxf3 12. Rxf3 g6 13. Bd2 Bg7 14. Raf1 c5 15. a4 c4 16. Be2 Qb6 17. axb5 axb5 18. g4 Qc7 19. g5 Ne4 20. Be1 0-0 21. Rh3 f6 22. Nf3 fxg5 23. fxg5 Rf5 24. Bg3 Qd8 25. Bh4 Qf8 26. Nd2 Rxf1+ 27. Nxf1 Qf5 28. Rf3 Qg4+ 29. Bg3 Qxg5 30. h4 Qe7 31. Rf4 Ndf6 32. Kg2 Rf8 33. Bf3 Bh6 34. Bxe4 Bxf4 35. exf4 Nxe4 36. Qe2 Qf6 37. Qg4 Qf5 38. Qf3 h5 39. Ne3 Qf7 40. Nc2 Rb8 41. Nb4 Ra8 42. Nc6 Ra2 43. Ne5 Rxb2+ 44. Kg1 Qf5 45. Bh2 Nd2 46. Qg2 Qb1+ 0-1

[Event "Bad Woerishofen op 24th"]
[Site "Bad Woerishofen"]
[Date "2008.03.03"]
[Round "5"]
[White "Koch, Dieter"]
[Black "Vonach, Bernhard"]
[Result "1/2-1/2"]
[WhiteElo "1730"]
[BlackElo "1826"]
[PlyCount "47"]
[EventDate "2008.02.28"]
[EventType "swiss"]
[EventRounds "9"]
[EventCountry "GER"]
[SourceTitle "EXT 2022"]
[Source "ChessBase"]
[SourceDate "2021.10.06"]
[SourceVersion "1"]
[SourceVersionDate "2021.10.06"]
[SourceQuality "1"]

1. d4 d5 2. f3 Bf5 3. e3 e6 4. Nd2 Nc6 5. Bb5 Bd6 6. f4 g5 7. Bxc6+ bxc6 8. Ndf3 gxf4 9. exf4 Nf6 10. Ne5 Ne4 11. Qf3 Rg8 12. g3 Bxe5 13. fxe5 Nxg3 14. hxg3 Be4 15. Qc3 Bxh1 16. Qxc6+ Kf8 17. b3 f6 18. Ba3+ Kf7 19. 0-0-0 Be4 20. Rf1 f5 21. Ne2 Rc8 22. Nf4 Qe8 23. Qa6 Rxg3 24. Qe2 1/2-1/2

[Event "Bad Woerishofen op 24th"]
[Site "Bad Woerishofen"]
[Date "2008.02.29"]
[Round "2"]
[White "Zoll, Detlef"]
[Black "Koch, Dieter"]
[Result "1/2-1/2"]
[WhiteElo "1886"]
[BlackElo "1730"]
[PlyCount "30"]
[EventDate "2008.02.28"]
[EventType "swiss"]
[EventRounds "9"]
[EventCountry "GER"]
[SourceTitle "EXT 2022"]
[Source "ChessBase"]
[SourceDate "2021.10.06"]
[SourceVersion "1"]
[SourceVersionDate "2021.10.06"]
[SourceQuality "1"]

1. d4 Nf6 2. Nf3 d6 3. e3 c6 4. c3 Nbd7 5. Bc4 h6 6. 0-0 e6 7. Nbd2 Qe7 8. e4 e5 9. Re1 g5 10. Bb3 Nh7 11. Nf1 g4 12. N3d2 Ndf6 13. Nc4 Ng5 14. Ng3 Bd7 15. dxe5 dxe5 1/2-1/2

[Event "Bad Woerishofen op 24th"]
[Site "Bad Woerishofen"]
[Date "2008.02.28"]
[Round "1"]
[White "Koch, Dieter"]
[Black "Bohnstorff, Michael"]
[Result "0-1"]
[WhiteElo "1730"]
[BlackElo "2085"]
[PlyCount "78"]
[EventDate "2008.02.28"]
[EventType "swiss"]
[EventRounds "9"]
[EventCountry "GER"]
[SourceTitle "EXT 2022"]
[Source "ChessBase"]
[SourceDate "2021.10.06"]
[SourceVersion "1"]
[SourceVersionDate "2021.10.06"]
[SourceQuality "1"]

1. d4 d5 2. Bg5 c6 3. c3 Bf5 4. Nd2 Qb6 5. Qb3 e6 6. Ngf3 h6 7. Bf4 Nd7 8. g3 Ngf6 9. Bg2 Be7 10. 0-0 0-0 11. Rfe1 c5 12. Qxb6 axb6 13. a3 Bh7 14. h3 Rfc8 15. Rac1 Ne8 16. g4 Bd6 17. Bh2 Bxh2+ 18. Kxh2 Nd6 19. g5 hxg5 20. Nxg5 Bg6 21. Rg1 Nf6 22. e3 Re8 23. Bf3 c4 24. Rg2 Ra5 25. Bd1 e5 26. Ndf3 exd4 27. exd4 Nh5 28. Ne5 Nf4 29. Rg1 Bf5 30. Ng4 Kf8 31. Rg3 Nd3 32. Ra1 Nxb2 33. Bf3 Nd3 34. Rag1 Re1 35. Ne3 Rxg1 36. Kxg1 Be6 37. h4 Nf4 38. Kh2 Rxa3 39. Nd1 Nf5 0-1